[Event "Novi Sad"]
[Site "Novi Sad"]
[Date "1984.??.??"]
[Round "?"]
[White "Sokolov, Andrei"]
[Black "Popovic, Petar"]
[Result "1/2-1/2"]
[WhiteElo "2505"]
[BlackElo "2525"]

1.e4 c5 2.Nf3 d6 3.d4 cxd4 4.Nxd4 Nf6 5.Nc3 Nc6 6.Bc4 e6 7.Be3 a6 8.Qe2 Qc7
9.O-O-O Na5 10.Bd3 b5 11.Bg5 Be7 12.Rhe1 b4 13.Nb1 e5 14.Nb3 Nxb3+ 15.axb3 O-O
16.Bxf6 Bxf6 17.Nd2 a5 18.Bb5 Be6 19.Kb1 Rfc8 20.Qd3 Qc5 21.f3 Bg5 22.Nf1 g6
23.Re2 d5 24.exd5 Bf5 25.Re4 Bxe4 26.fxe4 Rab8 27.Ba4 Qd6 28.g3 h5 29.h3 Rc7
30.Nh2 Kg7 31.Nf3 Bh6 32.Bc6 Rd8 33.Rf1 f6 34.Qb5 Ra7 35.Ne1 Rb8 36.Qe2 Rc8
37.g4 hxg4 38.Qxg4 Rh8 39.h4 Be3 40.Rf3 Bf4 41.Rh3 Rf7  1/2-1/2

[Event "Novi Sad"]
[Site "Novi Sad"]
[Date "1984.??.??"]
[Round "?"]
[White "Marjanovic, Slavoljub"]
[Black "Torre, Eugenio"]
[Result "1-0"]
[WhiteElo "2515"]
[BlackElo "2530"]

1.e4 e5 2.Nf3 Nc6 3.Bb5 a6 4.Ba4 Nf6 5.O-O Nxe4 6.d4 b5 7.Bb3 d5 8.dxe5 Be6
9.Nbd2 Bc5 10.Nxe4 dxe4 11.Bxe6 fxe6 12.Nd2 Qd5 13.Qh5+ g6 14.Qh4 e3 15.Ne4 Be7
16.Nf6+ Bxf6 17.exf6 e2 18.Re1 Nd4 19.f7+ Kxf7 20.Qf4+ Kg8 21.Qxc7 Qc4 22.Qxc4 bxc4
23.Rb1 Nxc2 24.Rxe2 Nb4 25.Bd2 Nd3 26.Bc3 e5 27.Re4 Rc8 28.f4 exf4 29.Bxh8 Kxh8
30.Re7 g5 31.h3 h5 32.Kf1 g4 33.hxg4 hxg4 34.Ke2 Kg8 35.Re4 Kg7 36.b3 f3+
37.gxf3 gxf3+ 38.Ke3 f2 39.bxc4 Rb8 40.Rf1 Nb2 41.Rg4+ Kf6 42.Rxf2+ Ke5 43.Rg5+ Ke6
44.Kd4  1-0

[Event "Novi Sad"]
[Site "Novi Sad"]
[Date "1984.??.??"]
[Round "?"]
[White "Cebalo, Miso"]
[Black "Ftacnik, Lubomir"]
[Result "0-1"]
[WhiteElo "2500"]
[BlackElo "2595"]

1.d4 Nf6 2.c4 g6 3.Nc3 d5 4.Nf3 Bg7 5.Bg5 Ne4 6.cxd5 Nxg5 7.Nxg5 e6 8.Nf3 exd5
9.e3 O-O 10.b4 c6 11.Be2 Be6 12.O-O Nd7 13.Rc1 f5 14.Qd2 a6 15.a4 Kh8 16.b5 axb5
17.axb5 c5 18.dxc5 Nxc5 19.Nd4 Bg8 20.Rfd1 f4 21.exf4 Qf6 22.Rc2 Ne4 23.Qe3 Nxc3
24.Qxc3 Qxf4 25.Bf3 Ra4 26.Rcd2 Re8 27.g3 Qd6 28.Qc2 Rc4 29.Qb3 Qc5 30.Ne2 Rb4
31.Qa3 Rxb5 32.Qxc5 Rxc5 33.Rd3 b5 34.Kg2 b4 35.h4 Rc2 36.Nf4 d4 37.Bd5 Rb8
38.Rb1 Rc3 39.Bxg8 Kxg8 40.Rb3 Be5 41.Rdxc3 dxc3 42.Nd3 c2 43.Kf3 Bc3  0-1

[Event "Novi Sad"]
[Site "Novi Sad"]
[Date "1984.??.??"]
[Round "?"]
[White "Cebalo, Miso"]
[Black "Ivanovic, Bozidar"]
[Result "1-0"]
[WhiteElo "2500"]
[BlackElo "2515"]

1.d4 Nf6 2.c4 d6 3.Nf3 Nbd7 4.Nc3 c6 5.e4 e5 6.Be2 Be7 7.O-O O-O 8.Re1 a6
9.Bf1 Re8 10.h3 Qc7 11.Rb1 b5 12.a3 Bb7 13.b4 exd4 14.Nxd4 Bf8 15.Bf4 Ne5
16.Nb3 Rac8 17.Na5 Ba8 18.Rc1 Qb8 19.Qb3 Re6 20.a4 bxa4 21.Qxa4 Rce8 22.Be3 d5
23.c5 Nxe4 24.Nxe4 dxe4 25.Red1 Rg6 26.Kh1 Qc8 27.Nc4 Nxc4 28.Rxc4 Bb7 29.Rcd4 Rge6
30.Qa5 R6e7 31.Rd8 Rxd8 32.Rxd8 Qe6 33.Bxa6 Bxa6 34.Qxa6 Re8 35.Rxe8 Qxe8
36.Qb7 h6 37.Bf4 g5 38.Bd6 e3 39.fxe3 Bxd6 40.cxd6 Qxe3 41.Qb8+  1-0

[Event "Novi Sad"]
[Site "Novi Sad"]
[Date "1984.??.??"]
[Round "?"]
[White "Cebalo, Miso"]
[Black "Marjanovic, Slavoljub"]
[Result "1/2-1/2"]
[WhiteElo "2500"]
[BlackElo "2515"]

1.d4 d5 2.c4 e6 3.Nf3 c5 4.cxd5 exd5 5.g3 Nc6 6.Bg2 Nf6 7.O-O Be7 8.Nc3 O-O
9.dxc5 Bxc5 10.Bg5 d4 11.Bxf6 Qxf6 12.Nd5 Qd8 13.Nd2 Bh3 14.Bxh3 Qxd5 15.Bg2 Qe6
16.Rc1 Bb6 17.Nc4 Rfe8 18.Bf3 Rad8 19.Qd3 Ne5 20.Nxe5 Qxe5 21.Rc2 Re7 22.Rfc1 g6
23.Kg2 Kg7 24.Rc4 h5 25.b4 h4 26.a4 a6 27.a5 Ba7 28.Rb1 Rh8 29.b5 axb5 30.Rcb4 Qe6
31.Kg1 hxg3 32.hxg3 Qh3 33.Rxb5 Re3 34.fxe3 dxe3 35.Qc3+ Kg8 36.Bg2 Qh2+
37.Kf1 Qxg3 38.Qc8+ Kg7 39.Qc3+ Kg8 40.Qc8+ Kg7  1/2-1/2

[Event "Novi Sad"]
[Site "Novi Sad"]
[Date "1984.??.??"]
[Round "?"]
[White "Cebalo, Miso"]
[Black "Popovic, Petar"]
[Result "1/2-1/2"]
[WhiteElo "2500"]
[BlackElo "2525"]

1.c4 Nf6 2.Nc3 d5 3.cxd5 Nxd5 4.g3 g6 5.Bg2 Nb6 6.d3 Bg7 7.Nf3 O-O 8.O-O Nc6
9.Be3 h6 10.Rc1 Kh7 11.Nd2 Nd4 12.Nde4 c6 13.Nc5 a5 14.Re1 e5 15.N3a4 Re8
16.a3 Ra7 17.Bd2 Nxa4 18.Nxa4 Bf8 19.e3 Nb5 20.Qc2 Bf5 21.Nc5 Bc8 22.a4 Nc7
23.d4 exd4 24.exd4 Rxe1+ 25.Rxe1 Nd5 26.Qe4 Bg7 27.Qe8 Qxe8 28.Rxe8 Bf5 29.Bxd5 cxd5
30.Re7 Bxd4 31.Be3 Bxb2 32.Ne6 Ra8 33.Rxf7+ Kg8 34.Rxb7 Bf6 35.Bd4 Re8 36.Bxf6 Rxe6
37.Bc3 Re4 38.Bxa5 Rxa4 39.Bc3  1/2-1/2

[Event "Novi Sad"]
[Site "Novi Sad"]
[Date "1984.??.??"]
[Round "?"]
[White "Ftacnik, Lubomir"]
[Black "Ivanovic, Bozidar"]
[Result "1/2-1/2"]
[WhiteElo "2595"]
[BlackElo "2515"]

1.d4 Nf6 2.Nf3 d6 3.c4 Nbd7 4.Nc3 c6 5.g3 e5 6.e4 Be7 7.Bg2 O-O 8.O-O a6
9.h3 b5 10.c5 dxc5 11.dxe5 Ne8 12.Be3 Nc7 13.Qc2 Ne6 14.Rad1 Qc7 15.Nd5 cxd5
16.exd5 Bb7 17.d6 Bxd6 18.exd6 Qc8 19.Rfe1 Re8 20.Ng5 Nxg5 21.Bxg5 Bxg2 22.Rxe8+ Qxe8
23.Kxg2 f6 24.Be3 Qe5 25.a4 Re8 26.axb5 axb5 27.Kh2 Qe4  1/2-1/2

[Event "Novi Sad"]
[Site "Novi Sad"]
[Date "1984.??.??"]
[Round "?"]
[White "Ftacnik, Lubomir"]
[Black "Kurajica, Bojan"]
[Result "1-0"]
[WhiteElo "2595"]
[BlackElo "2530"]

1.Nf3 e6 2.c4 b6 3.g3 Bb7 4.Bg2 d5 5.cxd5 exd5 6.O-O Nf6 7.d4 Ne4 8.Ne5 Be7
9.Qa4+ c6 10.Nc3 Nxc3 11.bxc3 O-O 12.Rd1 Qc8 13.c4 dxc4 14.Qxc4 c5 15.Bxb7 Qxb7
16.dxc5 Bxc5 17.Bb2 Rc8 18.Qg4 Bf8 19.Qf5 Rc7 20.Rd8 Nc6 21.Nd7 Rxd8 22.Nf6+ gxf6
23.Qg4+ Bg7 24.Bxf6 Kf8 25.Qxg7+ Ke8 26.Qg8+ Kd7 27.Rd1+ Ke6 28.Bxd8 Nxd8
29.Qxd8 Rd7 30.Qe8+ Re7 31.Qa4 Rd7 32.Qg4+ Ke7 33.Rc1 Kf8 34.Qf5 Kg8 35.Qg5+ Kf8
36.f3 Rd6 37.Qe5 Re6 38.Qh8+ Ke7 39.Rc8 Qd7 40.Qf8+ Kf6 41.Qh6+ Ke7 42.Qh4+ Rf6
43.Rc4 Qd6 44.Rf4 h6 45.Kg2  1-0

[Event "Novi Sad"]
[Site "Novi Sad"]
[Date "1984.??.??"]
[Round "?"]
[White "Ftacnik, Lubomir"]
[Black "Marjanovic, Slavoljub"]
[Result "1/2-1/2"]
[WhiteElo "2595"]
[BlackElo "2515"]

1.c4 Nf6 2.Nf3 e6 3.Nc3 b6 4.g3 Bb7 5.Bg2 Be7 6.O-O O-O 7.d4 Ne4 8.Qc2 Nxc3
9.Qxc3 c5 10.Rd1 d6 11.Bf4 Nc6 12.Qd2 Nxd4 13.Nxd4 Bxg2 14.Nxe6 fxe6 15.Kxg2 Qd7
16.f3 Rad8 17.e4 h6 18.Rac1 Qc6 19.Rc3 Bf6 20.Ra3 Rf7 21.Be3 Be5 22.Rd3 Rdf8
23.Rf1  1/2-1/2

[Event "Novi Sad"]
[Site "Novi Sad"]
[Date "1984.??.??"]
[Round "?"]
[White "Ivanovic, Bozidar"]
[Black "Kovacevic, Vlatko"]
[Result "1-0"]
[WhiteElo "2515"]
[BlackElo "2510"]

1.e4 Nf6 2.e5 Nd5 3.d4 d6 4.Nf3 Bg4 5.Be2 c6 6.Ng5 Bf5 7.e6 Bxe6 8.Nxe6 fxe6
9.Qd3 Nf6 10.O-O Nbd7 11.f4 g6 12.Nd2 Qb6 13.Nc4 Qc7 14.Qh3 Nb6 15.Qxe6 Qd7
16.Qxd7+ Kxd7 17.Nxb6+ axb6 18.f5 gxf5 19.Rxf5 Bg7 20.c3 b5 21.Bf3 Ke6 22.Rf4 Kd7
23.a3 Rae8 24.Rh4 e5 25.dxe5 Rxe5 26.Bf4 Re7 27.Rd1 d5 28.Bg3 Ra8 29.Rf1 Ra4
30.Bd1 Rae4 31.Bf2 h6 32.Rh3 Nh7 33.Bc5 Ng5 34.Rg3 Re8 35.Bh5 R8e5 36.Bg4+ Kd8
37.h4 h5 38.Bb6+ Ke7 39.Bc5+ Kd8 40.Bf5  1-0

[Event "Novi Sad"]
[Site "Novi Sad"]
[Date "1984.??.??"]
[Round "?"]
[White "Ivanovic, Bozidar"]
[Black "Popovic, Petar"]
[Result "1-0"]
[WhiteElo "2515"]
[BlackElo "2525"]

1.e4 c5 2.Nf3 d6 3.d4 cxd4 4.Nxd4 Nf6 5.Nc3 Nc6 6.Bg5 e6 7.Qd2 Be7 8.O-O-O O-O
9.Nb3 a6 10.Bxf6 Bxf6 11.Qxd6 Bxc3 12.bxc3 Qh4 13.g3 Qf6 14.Qc5 e5 15.Bc4 Bg4
16.Rd6 Qg5+ 17.f4 Qh5 18.Qe3 Ne7 19.Rb6 Rac8 20.Bd3 Rc7 21.h3 Bc8 22.f5 f6
23.g4 Qf7 24.c4 Nc6 25.h4 Rd8 26.g5 Kh8 27.Rg1 Qf8 28.c5 Bd7 29.Bc4 Be8 30.Bd5 a5
31.Nd2 fxg5 32.hxg5 Nd4 33.Rh1 g6 34.Nb3 gxf5 35.Nxd4 Qxc5 36.Rbh6 Rdd7 37.Re6 Bg6
38.Rxe5 fxe4 39.Qf4 Rc8 40.Qf6+ Rg7 41.Qxg7+  1-0

[Event "Novi Sad"]
[Site "Novi Sad"]
[Date "1984.??.??"]
[Round "?"]
[White "Ivanovic, Bozidar"]
[Black "Torre, Eugenio"]
[Result "0-1"]
[WhiteElo "2515"]
[BlackElo "2530"]

1.e4 e5 2.Nf3 Nc6 3.Bc4 Nf6 4.d3 Be7 5.O-O O-O 6.Re1 d6 7.c3 Na5 8.Bb5 a6
9.Ba4 b5 10.Bc2 c5 11.Nbd2 Re8 12.a4 b4 13.cxb4 cxb4 14.Nb3 Be6 15.Nxa5 Qxa5
16.Bb3 Nd7 17.Bxe6 fxe6 18.Be3 d5 19.Nd2 Qc7 20.Rc1 Qb7 21.Nb3 a5 22.exd5 exd5
23.d4 e4 24.Bf4 Bd8 25.Re3 Rf8 26.Qg4 Ra6 27.Bg3 Rg6 28.Qd1 Nb6 29.Nxa5 Qa8
30.Nb3 Bg5 31.Nc5 Nc4 32.Re2 Bxc1 33.Qxc1 Qc8 34.b3 Na5 35.Re3 Nc6 36.Qd2 h5
37.h4 Qg4 38.Re1 Ne7 39.Qxb4 Nf5 40.Qc3 Nxh4 41.b4 Nf3+ 42.gxf3 exf3 43.Qd3 Qh3  0-1

[Event "Novi Sad"]
[Site "Novi Sad"]
[Date "1984.??.??"]
[Round "?"]
[White "Kovacevic, Vlatko"]
[Black "Marjanovic, Slavoljub"]
[Result "1/2-1/2"]
[WhiteElo "2510"]
[BlackElo "2515"]

1.d4 Nf6 2.Nf3 d5 3.e3 Bg4 4.h3 Bh5 5.c4 dxc4 6.Bxc4 e6 7.Nc3 a6 8.a4 Nc6
9.Be2 Bd6 10.O-O O-O 11.b3 Qe7 12.Bb2 Rfd8 13.Nd2 Bg6 14.Nc4 e5 15.dxe5 Bxe5
16.Qc1 Bxc3 17.Qxc3 Nd4 18.Bd1 Ne4 19.Qe1 Nc6 20.Rc1 Nb4 21.Ba3 c5 22.Bxb4 cxb4
23.a5 Rac8 24.Bc2 Rxc4 25.bxc4 Nd2 26.Bxg6 hxg6 27.c5 Qc7 28.Qe2 Nxf1 29.Qxf1 Qxa5
30.Qc4 Qa4 31.Qh4 Rd1+ 32.Kh2 a5 33.c6 bxc6 34.Qe7 Qb3 35.Rxc6 Qd5 36.Rc8+ Kh7
37.Rc5 Qa8 38.Qxf7 Qd8 39.Rc7 Qg8 40.Qe7 Rd5 41.e4 Rh5 42.Rb7 b3 43.f4 a4
44.e5 Rh6 45.e6 a3 46.Qf7 g5 47.Qxg8+ Kxg8 48.Rb8+ Kh7 49.f5 a2 50.e7 Re6
51.fxe6 a1=Q 52.Rh8+ Kxh8 53.e8=Q+ Kh7 54.Qh5+ Kg8 55.Qf7+ Kh7  1/2-1/2

[Event "Novi Sad"]
[Site "Novi Sad"]
[Date "1984.??.??"]
[Round "?"]
[White "Kurajica, Bojan"]
[Black "Cebalo, Miso"]
[Result "1/2-1/2"]
[WhiteElo "2530"]
[BlackElo "2500"]

1.c4 c5 2.Nf3 Nc6 3.g3 g6 4.Bg2 Bg7 5.O-O e6 6.e3 Nge7 7.d4 cxd4 8.Nxd4 d5
9.cxd5 exd5 10.Nc3 Nxd4 11.exd4 O-O  1/2-1/2

[Event "Novi Sad"]
[Site "Novi Sad"]
[Date "1984.??.??"]
[Round "?"]
[White "Kurajica, Bojan"]
[Black "Ivanovic, Bozidar"]
[Result "0-1"]
[WhiteElo "2530"]
[BlackElo "2515"]

1.Nf3 Nf6 2.g3 d6 3.Bg2 e5 4.c4 c6 5.O-O Nbd7 6.d4 Be7 7.b3 O-O 8.Bb2 Qc7
9.Nc3 Re8 10.h3 Nf8 11.e4 Ng6 12.Rc1 Bd7 13.Kh2 h5 14.d5 h4 15.dxc6 hxg3+
16.fxg3 bxc6 17.c5 dxc5 18.Qe2 Be6 19.Nd2 Rad8 20.Na4 Qa5 21.Nc4 Qa6 22.Rf2 Nd7
23.Bf1 Qc8 24.Qe3 Kh7 25.Rd1 Rh8 26.Nd6 Bxd6 27.Rxd6 Kg8 28.Rxe6 fxe6 29.Qg5 Rf8
30.Rf5 Qe8 31.Bc4 Rh6 32.Kg2 Rf6 33.Rxf6 Nxf6 34.Qe3 Nh5 35.Nxc5 Nhf4+ 36.gxf4 Nxf4+
37.Kh2 Rxh3+ 38.Qxh3 Nxh3 39.Bxe6+ Kh8 40.Bxh3 Qf8 41.Na4 Qf4+  0-1

[Event "Novi Sad"]
[Site "Novi Sad"]
[Date "1984.??.??"]
[Round "?"]
[White "Kurajica, Bojan"]
[Black "Marjanovic, Slavoljub"]
[Result "1/2-1/2"]
[WhiteElo "2530"]
[BlackElo "2515"]

1.d4 d5 2.c4 e6 3.Nc3 c5 4.cxd5 exd5 5.Nf3 Nc6 6.g3 Nf6 7.Bg2 Be7 8.O-O O-O
9.dxc5 Bxc5 10.Na4 Be7 11.Be3 Re8 12.Rc1 Bg4 13.h3 Bxf3 14.Bxf3 Qd7 15.Kg2 Rad8
16.Bg5 Ne4 17.Bxe7 Qxe7 18.Nc3 Ng5 19.Qd2 Nxf3 20.exf3 d4 21.Ne4 Rd5 22.Qd3 h6
23.Rfd1 Red8 24.a3 Ne5 25.Qb3 Nc6 26.Qd3 Ne5  1/2-1/2

[Event "Novi Sad"]
[Site "Novi Sad"]
[Date "1984.??.??"]
[Round "?"]
[White "Kurajica, Bojan"]
[Black "Smejkal, Jan"]
[Result "1/2-1/2"]
[WhiteElo "2530"]
[BlackElo "2540"]

1.Nf3 Nf6 2.d4 g6 3.g3 Bg7 4.Bg2 O-O 5.O-O d6 6.c4 Nc6 7.Nc3 e5 8.d5 Ne7
9.Bd2 Ne8 10.b4 f5 11.Qc1 Nf6 12.Ng5 c6 13.dxc6 bxc6 14.b5 e4 15.f3 d5 16.bxc6 h6
17.Nh3 d4 18.Nd5 Nexd5 19.cxd5 Nxd5 20.fxe4 Nc3 21.Kh1 fxe4 22.Rxf8+ Qxf8
23.e3 Qc5 24.Nf2 Be6 25.Nd1 dxe3 26.Bxe3 Qxc6 27.Bxh6 Rd8 28.Bd2 Rc8 29.Nxc3 Bxc3
30.Bxc3 Qxc3 31.Qxc3 Rxc3 32.Bxe4 Kg7 33.Re1 Bxa2 34.Ra1 Re3  1/2-1/2

[Event "Novi Sad"]
[Site "Novi Sad"]
[Date "1984.??.??"]
[Round "?"]
[White "Marjanovic, Slavoljub"]
[Black "Ivanovic, Bozidar"]
[Result "1-0"]
[WhiteElo "2515"]
[BlackElo "2515"]

1.e4 c5 2.Nf3 d6 3.c3 Nf6 4.h3 Nc6 5.Bd3 g6 6.Bc2 Bg7 7.O-O O-O 8.d4 cxd4
9.cxd4 d5 10.e5 Ne4 11.Nc3 Nxc3 12.bxc3 f6 13.exf6 exf6 14.Re1 Re8 15.Rb1 a6
16.Ba3 Rxe1+ 17.Qxe1 Bf8 18.Bxf8 Kxf8 19.Qc1 Kg7 20.Qa3 b6 21.Ba4 Ne7 22.Rxb6 Qxb6
23.Qxe7+ Kg8 24.Qe8+ Kg7 25.Bc6 Ra7 26.Bxd5 Qb1+ 27.Kh2 Qb8+ 28.Kh1 Qd6 29.Qg8+ Kh6
30.Qxc8 Qxd5 31.Qf8+ Rg7 32.Qxf6 Rf7 33.Qxa6 Rc7 34.Qf6 Qf5 35.Qh4+ Kg7 36.Ne5 g5
37.Qg3 Qf4 38.c4 Ra7 39.c5 Rxa2 40.Qxf4 gxf4 41.c6 Rc2 42.d5  1-0

[Event "Novi Sad"]
[Site "Novi Sad"]
[Date "1984.??.??"]
[Round "?"]
[White "Marjanovic, Slavoljub"]
[Black "Popovic, Petar"]
[Result "0-1"]
[WhiteElo "2515"]
[BlackElo "2525"]

1.e4 c5 2.Nf3 d6 3.d4 cxd4 4.Nxd4 Nf6 5.Nc3 Nc6 6.Bg5 e6 7.Qd2 Be7 8.O-O-O O-O
9.Nb3 a6 10.f4 b5 11.Bxf6 gxf6 12.Kb1 Kh8 13.Be2 Qb6 14.Rhf1 Bd7 15.Bh5 a5
16.Rf3 a4 17.Nc1 b4 18.N3e2 Rg8 19.g4 Be8 20.Rh3 Rc8 21.f5 exf5 22.exf5 Ne5
23.Qh6 Rg7 24.g5 d5 25.Nd4 Bd7 26.Nce2 Qd6 27.Rf1 Nc4 28.g6 Bf8 29.gxf7 Rxf7
30.Qc1 Rg7 31.Nf4 b3 32.Ng6+ Kg8 33.Nxf8 bxc2+ 34.Ka1 Kxf8 35.Qxc2 a3 36.b3 Ne3
37.Qxc8+ Bxc8 38.Rxe3 Re7 39.Ne6+ Bxe6 40.Rfe1 Qxh2 41.R3e2 Qxh5  0-1

[Event "Novi Sad"]
[Site "Novi Sad"]
[Date "1984.??.??"]
[Round "?"]
[White "Marjanovic, Slavoljub"]
[Black "Smejkal, Jan"]
[Result "0-1"]
[WhiteElo "2515"]
[BlackElo "2540"]

1.e4 e5 2.Nf3 Nc6 3.Bb5 a6 4.Ba4 Nf6 5.O-O Be7 6.Re1 b5 7.Bb3 d6 8.c3 O-O
9.d4 Bg4 10.Be3 exd4 11.cxd4 Na5 12.Bc2 c5 13.dxc5 dxc5 14.Nbd2 Nd7 15.Qb1 Re8
16.e5 Nf8 17.Bf5 Bxf5 18.Qxf5 Qd5 19.Ne4 Nc4 20.b3 Nxe3 21.Rxe3 c4 22.h4 cxb3
23.axb3 a5 24.Rd3 Qe6 25.Qxe6 Nxe6 26.Rd5 Reb8 27.g3 a4 28.Nd6 f6 29.Nxb5 axb3
30.Rb1 Nc5 31.Nbd4 Bf8 32.exf6 gxf6 33.Rxc5 Bxc5 34.Rxb3 Rxb3 35.Nxb3 Bb6
36.Nbd2 Ra2 37.Kf1 Kf7 38.Ke2 Ke6 39.g4 Ba5 40.Kd3 Ra3+ 41.Ke2 Ra2 42.Ke3 Kd5
43.g5 f5 44.h5 Ra4 45.Kd3 Bxd2 46.Nxd2 Ke5 47.Nc4+ Kf4 48.g6 hxg6 49.hxg6 Ra6
50.g7 Rg6 51.Ke2 Rxg7 52.Ne3 Ra7 53.Ng2+ Ke4 54.f3+ Kd4 55.Kf2 Ke5 56.Ne1 Ra2+
57.Ke3 f4+  0-1

[Event "Novi Sad"]
[Site "Novi Sad"]
[Date "1984.??.??"]
[Round "?"]
[White "Marjanovic, Slavoljub"]
[Black "Sokolov, Andrei"]
[Result "1/2-1/2"]
[WhiteElo "2515"]
[BlackElo "2505"]

1.d4 Nf6 2.c4 e6 3.Nf3 b6 4.g3 Ba6 5.b3 Bb4+ 6.Bd2 Be7 7.Bg2 c6 8.Bc3 d5
9.Ne5 O-O 10.Nd2 Bb7 11.e4 c5 12.exd5 exd5 13.O-O Nbd7 14.Nxd7 Qxd7 15.dxc5 dxc4
16.Bxf6 Bxf6 17.Nxc4 Qc7 18.Bxb7 Qxb7 19.Rc1 bxc5 20.Nd6 Qa6 21.Ne4 Bd4 22.Rc2 Rac8
23.Qe2 Qe6 24.Nc3 Qd7  1/2-1/2

[Event "Novi Sad"]
[Site "Novi Sad"]
[Date "1984.??.??"]
[Round "?"]
[White "Popovic, Petar"]
[Black "Kurajica, Bojan"]
[Result "1-0"]
[WhiteElo "2525"]
[BlackElo "2530"]

1.e4 c5 2.Nf3 Nc6 3.d4 cxd4 4.Nxd4 Qb6 5.Nb3 Nf6 6.Nc3 e6 7.Bd3 a6 8.O-O Qc7
9.f4 d6 10.Qe2 Be7 11.Bd2 O-O 12.Rae1 Nd7 13.Rf3 Nb4 14.Rh3 Nxd3 15.cxd3 Re8
16.Kh1 b5 17.Rc1 Qb6 18.Nd1 a5 19.Be3 Qb7 20.Nf2 Nf8 21.Qh5 Bd7 22.Ng4 Rec8
23.Rf1 a4 24.Nd4 Be8 25.f5 Rc5 26.Nh6+ Kh8 27.Nxf7+ Kg8 28.Nh6+ Kh8 29.Qg4 gxh6
30.Bxh6 Bf6 31.Rg3  1-0

[Event "Novi Sad"]
[Site "Novi Sad"]
[Date "1984.??.??"]
[Round "?"]
[White "Smejkal, Jan"]
[Black "Cebalo, Miso"]
[Result "0-1"]
[WhiteElo "2540"]
[BlackElo "2500"]

1.c4 g6 2.Nf3 Bg7 3.d4 c5 4.e4 cxd4 5.Nxd4 b6 6.Nc3 Bb7 7.Be2 Nc6 8.Be3 Nf6
9.O-O O-O 10.f3 Rc8 11.Qd2 d6 12.Rac1 Nd7 13.Rfd1 Nxd4 14.Bxd4 Bxd4+ 15.Qxd4 Qc7
16.b4 Nf6 17.Qe3 Rfd8 18.f4 Qd7 19.e5 Qe6 20.h3 dxe5 21.Qxe5 Qxe5 22.fxe5 Nd7
23.e6 fxe6 24.Bg4 Nf8 25.Rxd8 Rxd8 26.c5 Rd4 27.a3 bxc5 28.Ne2 Rd3 29.bxc5 h5
30.Bf3 Bxf3 31.gxf3 e5 32.c6 Rd8 33.Nc3 Ne6 34.Nb5 a6 35.Na7 Rd3 36.Kf2 Nc7
37.Rb1 Rc3 38.Rb8+ Kf7 39.Rb7 Nd5 40.a4 Rc2+ 41.Ke1 Kf6 42.a5 e6 43.Rd7 Kg5
44.Kd1 Rc5 45.Rg7 Kf4 46.Ke2 e4 47.fxe4 Kxe4 48.Kd2 Kf5 49.Rf7+ Ke5 50.Rg7 Kf6
51.Rh7 e5 52.Rd7 Ke6 53.Rb7 e4 54.Rg7 Ke5 55.Rxg6 e3+ 56.Kd1 Ke4 57.c7 Rxc7
58.Nc6 Nf4 59.Rd6 Rb7 60.Rd4+ Kf3 61.Ne5+ Kg3 62.Re4 e2+ 63.Kc2 Kxh3 64.Nd3 Nxd3
65.Kxd3 Rb2 66.Kc3 Ra2 67.Kb3 Rxa5 68.Rxe2 Rg5 69.Kc3 h4 70.Kd3 Rg3+ 71.Ke4 a5
72.Kf4 a4 73.Ra2 a3 74.Rd2 Rg4+ 75.Kf3 Rg7 76.Ra2 Rf7+ 77.Ke2 Kg2 78.Ke1+ Kg1
79.Rxa3 Re7+ 80.Kd2 Kf2 81.Rd3 Rg7 82.Kc2 Rf7 83.Kd2 Rf3 84.Rd8 h3 85.Rh8 Rg3
86.Rf8+ Kg2 87.Ke2 h2 88.Rf2+ Kh3  0-1

[Event "Novi Sad"]
[Site "Novi Sad"]
[Date "1984.??.??"]
[Round "?"]
[White "Smejkal, Jan"]
[Black "Ftacnik, Lubomir"]
[Result "1/2-1/2"]
[WhiteElo "2540"]
[BlackElo "2595"]

1.e4 d6 2.d4 Nf6 3.Nc3 g6 4.Be2 Bg7 5.h4 Nc6 6.h5 gxh5 7.Bb5 Bd7 8.Nge2 a6
9.Bxc6 Bxc6 10.Ng3 Rg8 11.Bg5 b5 12.Qd3 Qd7 13.Nce2 Bb7 14.Bxf6 Bxf6 15.Nxh5  1/2-1/2

[Event "Novi Sad"]
[Site "Novi Sad"]
[Date "1984.??.??"]
[Round "?"]
[White "Smejkal, Jan"]
[Black "Popovic, Petar"]
[Result "1/2-1/2"]
[WhiteElo "2540"]
[BlackElo "2525"]

1.c4 Nf6 2.Nc3 d5 3.cxd5 Nxd5 4.g3 g6 5.Bg2 Nb6 6.d3 Bg7 7.Nf3 O-O 8.O-O Bd7
9.Bf4 c5 10.Ne5 Bc8 11.h4 h6 12.Nf3 Kh7 13.Rc1 Na6 14.Nd2 e5 15.Be3 f5 16.Na4 Nxa4
17.Qxa4 Rb8 18.Bxc5 Nxc5 19.Rxc5 e4 20.Rfc1 Kh8 21.Nb3 exd3 22.Rd5 Qe8 23.Qxe8 Rxe8
24.Rxd3 Bxb2 25.Rb1 Bg7 26.Nd4 b6 27.e3 Rd8 28.Rbd1 Bxd4 29.Rxd4 Rxd4 30.Rxd4 Be6
31.Bd5 Bxd5 32.Rxd5 Rb7 33.h5 Kg7 34.Kg2 Rc7 35.hxg6 Kxg6 36.Rd6+ Kg5 37.Kh3 Rc1
38.f4+ Kh5 39.Rf6 Rh1+ 40.Kg2 Ra1 41.Kf3 Rf1+ 42.Ke2 Ra1 43.Rxf5+ Kg4 44.Rf6 Rxa2+
45.Kd3 Kxg3 46.Rxh6 b5 47.f5 b4 48.Rg6+ Kh4 49.e4 b3 50.f6 Rf2 51.e5 a5 52.Rg1 a4
53.Ke3 Rf5 54.Ke4 Rf2 55.Ke3 Rf5 56.Ke4 Rf2  1/2-1/2

[Event "Novi Sad"]
[Site "Novi Sad"]
[Date "1984.??.??"]
[Round "?"]
[White "Smejkal, Jan"]
[Black "Sokolov, Andrei"]
[Result "1/2-1/2"]
[WhiteElo "2540"]
[BlackElo "2505"]

1.c4 Nf6 2.Nc3 c5 3.g3 d5 4.cxd5 Nxd5 5.Bg2 Nc7 6.Nf3 Nc6 7.Qa4 Bd7 8.Qe4 g6
9.Ne5 Bg7 10.Nxd7 Qxd7 11.O-O O-O 12.a3 Rac8 13.Rb1 Ne6 14.b4 b6 15.Nd5 Ned4
16.bxc5 bxc5 17.e3 Ne2+ 18.Kh1 e6 19.Qd3 exd5 20.Qxe2 Rb8 21.Rxb8 Rxb8 22.d3 Rb3
23.Rd1 h5 24.Qc2 Rc3 25.Qa4 Ne5 26.Qxd7 Nxd7 27.Bxd5 Ne5 28.Be4 f5 29.Bd5+ Kh7
30.Bc4 Nxc4 31.dxc4 Rxc4 32.Kg2 Rc2 33.Bd2 Ra2 34.Kf3 Rxa3 35.Rc1 Bf8 36.Rb1 c4
37.Rb7+ Bg7 38.Rc7 c3 39.Be1 a5 40.Ke2 Ra2+ 41.Kd3 Kh6 42.f3 Rxh2 43.Bxc3 Bxc3
44.Rxc3 Ra2 45.f4 Rg2 46.Ra3 Rxg3 47.Ke2 h4 48.Kf2 Kh5 49.Rxa5 Kg4 50.Ra6 g5
51.Rg6 Kh5 52.Rxg5+ Rxg5 53.fxg5 Kg6 54.Kg2 Kh5 55.Kf3 Kg6 56.Kg2 Kxg5 57.Kf3 Kg6
58.e4  1/2-1/2

[Event "Novi Sad"]
[Site "Novi Sad"]
[Date "1984.??.??"]
[Round "?"]
[White "Torre, Eugenio"]
[Black "Ftacnik, Lubomir"]
[Result "1/2-1/2"]
[WhiteElo "2530"]
[BlackElo "2595"]

1.d4 Nf6 2.Nf3 g6 3.Bg5 Bg7 4.c3 O-O 5.Nbd2 d5 6.e3 Nbd7 7.Be2 Re8 8.b4 c6
9.O-O a5 10.a4 e5 11.b5 c5 12.dxe5 Nxe5 13.Rc1 h6 14.Bh4 Nxf3+ 15.Bxf3 c4
16.Bxf6 Bxf6 17.Re1 Be6 18.Bg4 Rc8 19.Bxe6 Rxe6 20.Nf3 Rd6 21.Re2 Qe7 22.Rd2 Rcd8
23.Nd4 Qe4 24.Ne2 Bg7 25.Ng3 Qe7 26.Qc2 h5 27.Ne2 Be5 28.Rcd1 Kf8 29.Qb2 Qc7
30.h3 Kg8 31.Kf1 Qc5 32.Nd4 Bf6 33.Ra1 R8d7 34.Qc1 Re7 35.Qa3 Qb6 36.Rad1 Red7
37.Ne2 Be7 38.Qb2 Bg5 39.Qc2 Qc5 40.Nd4 Re7 41.Rb1 Red7 42.g3 Kg7 43.Kg2 Kg8
44.Qd1 Bf6 45.Kg1 Bg7 46.Ra1 Re7 47.Qc2 Bh6 48.Kg2 Bg7 49.h4 Bh6 50.Rad1 Red7
51.Kf1 Re7 52.Re2 Bg7 53.Qb2 Re4 54.Red2 Re7 55.Ke1 Re4 56.Ne2 Bh6 57.Nd4 Bg7
58.Nc2 Kf8 59.Re2 Ke8 60.Kd2 Kd8 61.Kc1 Kc7 62.Red2 Kb6 63.Nd4 Bxd4 64.Rxd4 Rxd4
65.Rxd4 Re6 66.Kb1 Re5 67.Ka2 Qe7 68.Qd2 Qe6 69.Kb2 Kc7 70.Kc2 Qd6 71.f4 Re4
72.Rxd5 Qe7 73.Rd4 Qe6 74.Kb2 b6 75.Qe2 Rxe3 76.Qxc4+ Qxc4 77.Rxc4+ Kb7 78.Rc6 Rxg3
79.Rf6 Rg4 80.Rxf7+ Kb8 81.Kc2 Rxh4 82.Kd3 Rg4 83.Ke3 g5 84.fxg5  1/2-1/2

[Event "Novi Sad"]
[Site "Novi Sad"]
[Date "1984.??.??"]
[Round "?"]
[White "Sokolov, Andrei"]
[Black "Cebalo, Miso"]
[Result "1/2-1/2"]
[WhiteElo "2505"]
[BlackElo "2500"]

1.e4 c5 2.Nf3 d6 3.d4 cxd4 4.Nxd4 Nf6 5.Nc3 e6 6.Be2 Be7 7.O-O Nc6 8.Kh1 O-O
9.f4 Bd7 10.Nf3 Qc7 11.Bd3 Nb4 12.Qe2 Nxd3 13.cxd3 b5 14.e5 Ne8 15.f5 dxe5
16.Nxe5 b4 17.Nxd7 Qxd7 18.fxe6 Qxe6 19.Qf3 Nf6 20.Ne2 Rad8 21.Ng3 Nd5 22.Nf5 Bf6
23.Bd2 Rfe8 24.Rae1 Qd7 25.Re4 Re6 26.Rg4 g6 27.Nh6+ Kg7 28.Re4 Rde8 29.h4 R8e7
30.b3 Bc3 31.Bg5 f6 32.Bc1 f5 33.Nxf5+ gxf5 34.Qxf5 Bf6 35.Rg4+ Kh8 36.Bg5 Rg7
37.Rxb4 Nxb4 38.Bxf6 Rxf6 39.Qxf6 Qe7 40.Qf8+ Qxf8 41.Rxf8+ Rg8 42.Rf7 Nxa2
43.Rxa7 Nc1 44.Kh2 Nxd3 45.Ra4 Rb8 46.g4 Nc5 47.Rc4 Nxb3 48.g5 Nd2 49.Rc7 Ne4
50.Kh3 Nd6 51.h5 Rb7 52.Rc6 Rd7 53.Kg4 Kg7 54.Ra6 Nc8 55.h6+ Kf7 56.Rf6+ Ke7
57.Rc6 Nd6 58.g6 hxg6 59.h7 Nf7 60.Rxg6  1/2-1/2

[Event "Novi Sad"]
[Site "Novi Sad"]
[Date "1984.??.??"]
[Round "?"]
[White "Sokolov, Andrei"]
[Black "Ftacnik, Lubomir"]
[Result "1/2-1/2"]
[WhiteElo "2505"]
[BlackElo "2595"]

1.e4 c5 2.Nf3 d6 3.d4 cxd4 4.Nxd4 Nf6 5.Nc3 e6 6.g4 h6 7.h4 Nc6 8.Rg1 h5
9.gxh5 Nxh5 10.Bg5 Nf6 11.Qd2 Qb6 12.Nb3 a6 13.O-O-O Bd7 14.Qe2 Qc7 15.Kb1 O-O-O
16.f4 Be7 17.f5 Kb8 18.fxe6 fxe6 19.Bh3 Nh5 20.Rdf1 g6 21.Bxe7 Nxe7 22.Bg4 d5
23.Bxh5 Rxh5 24.Rxg6 Rh7 25.Rg5 dxe4 26.Qxe4 Nf5 27.h5 Rdh8 28.Rfg1 Rxh5
29.Rxh5 Rxh5 30.Rg8+ Ka7 31.a3 Rh2 32.Qb4 Bc8 33.Qf8 Kb8 34.a4 Rh7 35.a5 Rf7
36.Qb4 Ne7 37.Nc5 Ka7 38.Qd4 Rf1+ 39.Ka2 Qxa5+ 40.N5a4+ Kb8 41.Re8 Rf7 42.Qd6+ Qc7
43.Qxe6 Rg7 44.Qf6 Qd7 45.Qe5+ Ka7 46.Qc5+ Kb8 47.Qe5+ Ka7 48.Qe3+ Kb8 49.Rf8 Qd6
50.Nb6 Rg3 51.Qf2 Rg8 52.Rf6 Qe5 53.Nxc8 Rxc8  1/2-1/2

[Event "Novi Sad"]
[Site "Novi Sad"]
[Date "1984.??.??"]
[Round "?"]
[White "Torre, Eugenio"]
[Black "Cebalo, Miso"]
[Result "1/2-1/2"]
[WhiteElo "2530"]
[BlackElo "2500"]

1.d4 Nf6 2.Nf3 e6 3.Bg5 c5 4.e3 h6 5.Bxf6 Qxf6 6.c4 cxd4 7.exd4 Bb4+ 8.Nbd2 b6
9.Be2 Bb7 10.O-O O-O 11.Ne5 Bxd2 12.Qxd2 d6 13.Ng4 Qg6 14.Ne3 Nc6 15.f4 Ne7
16.d5 exd5 17.f5 Qg5 18.f6 d4 19.Qxd4 Nc6 20.Qc3 Rfe8 21.Rf3 g6 22.Rd1 Re6
23.Rg3 Qe5 24.Qxe5 Nxe5 25.Nf5 Rxf6 26.Nxh6+ Kf8 27.Ng4 Nxg4 28.Rxg4 Re8
29.Rd2 Re5 30.Rg3 Be4 31.Re3 Ke7 32.Bd3 Bc6 33.Ree2 Rf4 34.h3 f5 35.b3 Rd4
36.Bc2 Rxd2 37.Rxd2 d5 38.cxd5 Bxd5 39.Kf2 Kf6 40.Bd1 g5  1/2-1/2